000 00647cam a2200217 4500
001 28535
005 20220405165314.0
090 _a28535
100 _a20071010d198 a m0pory5003 ba
327 1 _aContêm os seguintes contos: O colar de estrelas; O sino submerso; Os lobos de Otwock; A feiticeira de Tria; A boda do rei; O rublo de prata
095 _aPTBN00268308
101 1 _apor
102 _aPT
930 _lBECRE
675 _a087.5
_vBN
_zpor
700 1 _aSotillos,
_bEugénio
200 1 _aContos de todo o mundo
_eEuropa
_fEugénio Sotilhos
210 _aQueluz
_cEditorial Globo,
_d[198-]
215 _a[96] p.
_cil
801 0 _aPT
990 _cLIVROS